00991nam a2200217 i 4500001000300000100002700003245011200030260004000142300006700182500005300249500022400302650002200526655001800548020001500566020001800581040000800599041001100607080001600618008004100634856009800675bg1 aKRZYŻANOWSKI, Henryk10aAngielski "No problem!" :bintensywny kurs do samodzielnej nauki, poziom średni /cHenryk Krzyżanowski. aPoznań :bSuperMemo World,c2006. a216 s. ;c19 cm +eCD ROM : program komputerowy, nagrania mp3. aWymagania systemowe mp3: dowolny odtwarzacz mp3. aWymagania systemowe do programu SuperMemo: procesor klasy Pentium lub nowszy, 64MB RAM,SVGA High Color 16-bitowy, rozdzielczość 800x600, napęd CD ROM, karta dźwiękowa, Windows 98 PL, 2000 PL, XP PL lub nowsze. 9aJęzyk angielski aPodręczniki a8360199078 a9788360199077 cBPKw aengpol a811.111(07) s pl f |000 0 pol  uhttp://koha.tu.koszalin.pl/cgi-bin/koha/opac-detail.pl?biblionumber=52130yKatalog online BPK